| 000 | 02113nam a2200457 a 4500 | ||
|---|---|---|---|
| 003 | BLK | ||
| 005 | 20230718163725.0 | ||
| 008 | 180408b bul|||||r ||||||| ||bul|| | ||
| 010 | _aKNG00054259000 | ||
| 020 | _a954-8478-32-3 | ||
| 040 | _aBLK | ||
| 041 |
_aBUL _cBUL |
||
| 080 |
_a?Швейцарска литература _b830(494) _x(092) _z830(494)(092) |
||
| 080 |
_aДраматични театри. Театри за драма и комедия. Вж и 82-2 _b792.2 _x.09(497.2)(091) _z792.2.09(497.2)(091) |
||
| 080 |
_aШвейцарски драматург, белетрист, есеист, поет и художник _b929 Дюренмат, Фридрих _z929 Дюренмат, Фридрих |
||
| 100 | 1 |
_aДечева, Виолета Атанасова _eпърви автор _9283180 |
|
| 139 |
_aДечева, Виолета Атанасова _bД 98 |
||
| 245 | 1 | 0 |
_aАвторът и неговият интерпретатор _bДраматургията на Фридрих Дюренмат и сценичната й рецепция в България _cВиолета Атанасова Дечева. |
| 257 | _aBGR | ||
| 260 |
_bСонм _c2002 _fСофия : Анго бой _aСофия |
||
| 300 |
_a192 с. _c22 см |
||
| 380 | _a82 | ||
| 500 | _aНа кор. загл. Авторът и неговата интерпретация. - Библиогр. с. 181-189. | ||
| 504 | _a181-189 | ||
| 600 | 1 | 4 |
_aДюренмат, Фридрих _966272 |
| 650 | 4 |
_aДраматургия - история _9259686 |
|
| 650 | 4 |
_aТеатрални постановки - България _9271079 |
|
| 651 | 4 |
_aШвейцария _9179801 |
|
| 651 | 4 |
_aБългария _9241624 |
|
| 653 | _aтеатрални постановки | ||
| 653 | _aФридрих Дюренмат | ||
| 653 | _aдраматургия | ||
| 653 | _aдраматурзи | ||
| 852 |
_aЦб 224042 _bЦб |
||
| 856 | 4 | _qpdf | |
| 856 | 4 | _qpdf | |
| 942 |
_cKNG _n0 |
||
| 944 |
_aCR _c06.06.2005 _k30542 _lРусанова Ирена |
||
| 944 |
_aED _c18.07.2023 |
||
| 999 |
_c50388 _d50388 |
||
| 999 | _d50388 | ||